K účtovníctvu v Spolkovej republike Nemecko.

Štruktúra podnikového účtovníctva v SRN. Rozdielne chápania podnikového účtovníctva niektorých ekonómov. Právna regulácia účtovníctva a popis dvoch základných skupín právnych predpisov - obchodnoprávnych a daňovoprávnych predpisov platných v členských krajinách EHS.

Saved in:
Bibliographic Details
Main Author: Farkaš, Richard
Format: Book Chapter
Language:Slovak
Subjects:
Tags: Add Tag
No Tags, Be the first to tag this record!

MARC

LEADER 00000naa a2200000 4500
001 r004293
005 20221125081435.3
041 0 |a slo 
044 |a [CS] 
245 1 0 |a K účtovníctvu v Spolkovej republike Nemecko.  |c Richard Farkaš 
520 |a Štruktúra podnikového účtovníctva v SRN. Rozdielne chápania podnikového účtovníctva niektorých ekonómov. Právna regulácia účtovníctva a popis dvoch základných skupín právnych predpisov - obchodnoprávnych a daňovoprávnych predpisov platných v členských krajinách EHS. 
610 2 0 |a účtovníctvo vnútropodnikové 
610 2 0 |a Nemecko 
610 2 0 |a predpisy právne 
610 2 0 |a účtovníctvo finančné 
610 2 0 |a účtovanie nákladov 
610 2 0 |a predpisy daňové 
610 2 0 |a EHS 
610 2 0 |a právo obchodné 
100 1 |a Farkaš, Richard